000 00967nam a2200253 c 4500
005 20200630165122.0
008 200630s2017 ag a|||fr|||| 00| 0 spa d
020 _a9789875703179
040 _aCO-BoUCM
_bspa
_cDeissy Garcia
_dDeissy Garcia
041 0 _aspa
060 _aWM 425.5.C6
100 1 _aMandil, Javier
_9100569
245 1 0 _aTerapia de aceptación y compromiso con adolescentes
_cJavier Mandil, Paula José Quintero, Fabián Maero
246 _a ACT terapia de aceptación y compromiso con adolescentes
260 _bAkadia
_aBuenos Aires
_c2017
300 _a127 páginas
_bilustraciones
504 _aIncluye referencias bibliográficas
650 1 7 _a Psicoterapia del adolescente
_922882
650 1 7 _aTerapia cognoscitiva
_925356
650 1 7 _a Terapia conductual para adolescentes
_9100570
700 1 _9100607
_aQuintero, Paula José
700 1 _9100608
_aMaero, Fabián
942 _cLIBROROSEA
_2NLM
_a9
_e1
_hWM 425.5.C6
_mM272t
999 _c317585
_d317585